| 000 | 00655cam a2200205 a 4500 | ||
|---|---|---|---|
| 001 | 671663 | ||
| 005 | 20250405142110.0 | ||
| 008 | 950628s1996 iluab b 000 0 eng | ||
| 020 | _a0256099332 | ||
| 050 | 0 | 0 |
_aHD30.28 _b.P339 1996 |
| 082 | 0 | 0 |
_a658.4/012 _220 |
| 100 | 1 | _aPearce, John A. | |
| 245 | 1 | 3 |
_aAn industry approach to cases in strategic management / _cJohn A. Pearce II, Richard B. Robinson, Jr. |
| 250 | _a2nd ed. | ||
| 260 |
_aChicago : _bIrwin, _cc1996. |
||
| 300 |
_axviii, 846 p. : _bill., map ; _c24 cm. |
||
| 650 | 0 |
_aStrategic planning _xCase studies. |
|
| 700 | 1 |
_aRobinson, Richard B. _q(Richard Braden), _d1947- |
|
| 942 |
_2lcc _cBK _n0 |
||
| 999 |
_c5365 _d5365 |
||